Normal view
MARC view
- Escamilla González, Amparo
Entry Nombre Personal
001 - NUMERO DE CONTROL
- campo de control: 44144
003 - IDENTIFICADOR DE NUMERO DE CONTROL
- campo de control: UPN
005 - FECHA Y HORA DE LA ÜLTIMA TRANSACCIÓN
- campo de control: 20220329110247.0
008 - DATOS DE LONGITUD FIJA
- campo de control de longitud fija: 220329|| acz||aabn | a|a d
040 ## - FUENTE DE CATALOGACIÓN
- Agencia original de catalogación: MX-MxUPN
100 1# - ENCABEZAMIENTO - NOMBRE PERSONAL
- Nombre personal: Escamilla González, Amparo
400 1# - VEÁSE - NOMBRE DE PERSONA
- Personal name: Escamilla, Amparo
400 1# - VEÁSE - NOMBRE DE PERSONA
- Personal name: González, Amparo Escamilla
670 ## - FUENTE EN LA QUE SE LOCALIZARON DATOS
- Enlace: LC Authorities, 2022 :
670 ## - FUENTE EN LA QUE SE LOCALIZARON DATOS
- Cita de la fuente: port. ( Amparo Escamilla González)
